000 00275nam a22001097a 4500
008 140417t xxu||||| |||| 00| 0 eng d
020 _a0-8121-0977-5
100 _aLeon Lachman
_9827
245 _aThe Theory and practice of Industrial Pharmacy
300 _a902
942 _2ddc
_cBK
999 _c17074
_d17074